Score 0/19 Timer 07:00
0 Plays Today
% Correct
Population
98.8%
Area
95.4%
AIDS
92.7%
GDP per capita
85.7%
Life Expectancy
85%
Kilometers of Roadways
74.6%
Internet users
68.8%
Crude Oil Reserves
67.8%
GINI
62.7%
Unemployment
62.7%
% Correct
Underweight Children
60.5%
Debt Surplus
59.8%
Merchant Marines
59.1%
Kilometers of Railroads
58.8%
Education Spending
55.7%
Adult Obesity
52.8%
Kilometers of Waterways
50.4%
Military Spending
47.5%
Health Spending
45.3%
Remove Ads.
Support Sporcle.
Get the best of Sporcle when you Go Orange. This ad-free experience offers more features, more stats, and more fun while also helping to support Sporcle. Thank you for becoming a member.

You're not logged in!

Compare scores with friends on all Sporcle quizzes.
OR
Log In

Show Comments

Extras

Top Quizzes Today


Score Distribution

Your Account Isn't Verified!

In order to create a playlist on Sporcle, you need to verify the email address you used during registration. Go to your Sporcle Settings to finish the process.

Report this User

Report this user for behavior that violates our Community Guidelines.

Details: